[Event "Wloclawek CC Classic 09th"]
[Site "Wloclawek"]
[Date "2014.??.??"]
[Round "7"]
[White "Dabrowski, Tadeusz"]
[Black "Pitula, Adam"]
[Result "0-1"]
[WhiteElo "1600"]
[BlackElo "1342"]
[PlyCount "120"]
[EventDate "2014.03.??"]
[EventType "swiss"]
[EventRounds "7"]
[EventCountry "POL"]
[SourceTitle "EXT 2021"]
[Source "ChessBase"]
[SourceDate "2020.10.23"]
[SourceVersion "1"]
[SourceVersionDate "2020.10.23"]
[SourceQuality "1"]

1. d4 d5 2. c4 Nf6 3. Nc3 e6 4. cxd5 Nxd5 5. e4 Nxc3 6. bxc3 b6 7. Bd3 Bb7 8. Nf3 Be7 9. a4 a5 10. 0-0 0-0 11. Qc2 Ba6 12. Bb2 Bxd3 13. Qxd3 f6 14. Rfd1 Nd7 15. c4 Re8 16. Ba3 Bxa3 17. Rxa3 e5 18. d5 Nc5 19. Qc2 Qd6 20. Raa1 Rad8 21. Nd2 Na6 22. Qc3 Qb4 23. Qb3 Qxb3 24. Nxb3 Rd6 25. Rac1 Rb8 26. Rb1 Nb4 27. Rbc1 Na6 28. Rc3 Nc5 29. Nxc5 bxc5 30. Ra1 Rb4 31. Kf1 Kf7 32. Ke2 Ke7 33. Kd3 c6 34. Raa3 cxd5 35. cxd5 Rd4+ 36. Ke3 c4 37. Ra2 Rb6 38. f3 Rb3 39. Rac2 Rb4 40. Ra2 Kd6 41. h3 Kc5 42. Ke2 g6 43. Ke3 f5 44. g3 Rd1 45. h4 Rg1 46. Kf2 Rd1 47. Ke2 Rg1 48. Kf2 Rh1 49. Kg2 Rhb1 50. Kf2 R1b2+ 51. Rc2 Rxc2+ 52. Rxc2 Rxa4 53. Rd2 Kd6 54. Rc2 Rb4 55. Ra2 a4 56. Ra3 fxe4 57. fxe4 c3 58. Ke3 c2 59. Rc3 Rb3 60. Rxb3 c1Q+ 0-1

[Event "Wloclawek CC Classic 07th"]
[Site "Wloclawek"]
[Date "2013.??.??"]
[Round "7"]
[White "Cichocka, Katarzyna"]
[Black "Dabrowski, Tadeusz"]
[Result "1/2-1/2"]
[WhiteElo "1800"]
[BlackElo "1600"]
[PlyCount "81"]
[EventDate "2013.04.??"]
[EventType "swiss"]
[EventRounds "7"]
[EventCountry "POL"]
[SourceTitle "EXT 2021"]
[Source "ChessBase"]
[SourceDate "2020.10.23"]
[SourceVersion "1"]
[SourceVersionDate "2020.10.23"]
[SourceQuality "1"]

1. e4 c5 2. Nf3 e6 3. d4 cxd4 4. Nxd4 Nf6 5. Nc3 Qb6 6. e5 Bc5 7. exf6 Bxd4 8. Ne4 d5 9. fxg7 Rg8 10. c3 Bxg7 11. Ng3 Bd7 12. Qc2 Nc6 13. Qxh7 0-0-0 14. Qc2 Kb8 15. Be3 d4 16. cxd4 Nxd4 17. Bxd4 Bxd4 18. Rb1 Rc8 19. Qd2 Ba4 20. Bd3 Rc7 21. 0-0 Rgc8 22. b3 Bc6 23. Rbd1 e5 24. Bc4 Bb5 25. Nf5 Bxc4 26. bxc4 Rxc4 27. Rb1 Qc5 28. Nxd4 exd4 29. Qf4+ Qc7 30. Qe4 Qd7 31. h4 d3 32. Qe5+ Ka8 33. h5 d2 34. h6 Rc1 35. h7 Rxb1 36. Rxb1 Rc1+ 37. Rxc1 dxc1Q+ 38. Kh2 f5 39. h8Q+ Qcc8 40. Qxc8+ Qxc8 41. f3 1/2-1/2

[Event "Wloclawek CC Classic 06th"]
[Site "Wloclawek"]
[Date "2013.??.??"]
[Round "1"]
[White "Cichocki, Konrad"]
[Black "Dabrowski, Tadeusz"]
[Result "1-0"]
[WhiteElo "1979"]
[BlackElo "1600"]
[PlyCount "29"]
[EventDate "2013.03.??"]
[EventType "swiss"]
[EventRounds "7"]
[EventCountry "POL"]
[SourceTitle "EXT 2021"]
[Source "ChessBase"]
[SourceDate "2020.10.23"]
[SourceVersion "1"]
[SourceVersionDate "2020.10.23"]
[SourceQuality "1"]

1. d4 e6 2. Nd2 Nf6 3. e4 d6 4. Ngf3 Nbd7 5. Bd3 e5 6. 0-0 Be7 7. dxe5 dxe5 8. Nc4 Bd6 9. Nxd6+ cxd6 10. Re1 0-0 11. Bg5 Qb6 12. b3 Ng4 13. Qd2 Ngf6 14. c4 Ne8 15. Be7 1-0

[Event "Wloclawek CC Classic 06th"]
[Site "Wloclawek"]
[Date "2013.??.??"]
[Round "4"]
[White "Dabrowski, Tadeusz"]
[Black "Duda, Jan"]
[Result "1-0"]
[WhiteElo "1600"]
[BlackElo "1200"]
[PlyCount "80"]
[EventDate "2013.03.??"]
[EventType "swiss"]
[EventRounds "7"]
[EventCountry "POL"]
[SourceTitle "EXT 2021"]
[Source "ChessBase"]
[SourceDate "2020.10.23"]
[SourceVersion "1"]
[SourceVersionDate "2020.10.23"]
[SourceQuality "1"]

1. d3 d5 2. e4 d4 3. Nf3 Bg4 4. Be2 Bxf3 5. Bxf3 e5 6. 0-0 Nf6 7. Bg5 h6 8. Bh4 Be7 9. h3 g5 10. Bg3 Nc6 11. c3 h5 12. cxd4 Qxd4 13. Nc3 0-0-0 14. Be2 h4 15. Bh2 Rdg8 16. Bg4+ Kb8 17. Kh1 Nxg4 18. hxg4 h3 19. g3 Nb4 20. f3 Qxd3 21. a3 Qc2 22. Qxc2 Nxc2 23. Rac1 Ne3 24. Rfe1 Ng2 25. Re2 Rh7 26. Nd5 Bd6 27. Nf6 Rgh8 28. Nxh7 Rxh7 29. Bg1 b5 30. Bc5 f6 31. Bxd6 cxd6 32. Rc6 Nh4 33. gxh4 Rxh4 34. Kh2 d5 35. exd5 f5 36. gxf5 g4 37. fxg4 Rxg4 38. Kxh3 Rg5 39. Rxe5 Kb7 40. Re7+ Kb8 1-0

[Event "Wloclawek CC Classic 07th"]
[Site "Wloclawek"]
[Date "2013.??.??"]
[Round "2"]
[White "Dabrowski, Tadeusz"]
[Black "Rafalski, Kacper"]
[Result "0-1"]
[WhiteElo "1600"]
[BlackElo "1000"]
[PlyCount "58"]
[EventDate "2013.04.??"]
[EventType "swiss"]
[EventRounds "7"]
[EventCountry "POL"]
[SourceTitle "EXT 2021"]
[Source "ChessBase"]
[SourceDate "2020.10.23"]
[SourceVersion "1"]
[SourceVersionDate "2020.10.23"]
[SourceQuality "1"]

1. d3 d5 2. e4 dxe4 3. dxe4 Qxd1+ 4. Kxd1 e5 5. Bc4 Bc5 6. Ke2 Bd7 7. Be3 Bxe3 8. Kxe3 Nc6 9. c3 f5 10. exf5 Bxf5 11. Ne2 0-0-0 12. Ng3 Bg6 13. Be6+ Kb8 14. Bf5 Nge7 15. Bxg6 Nxg6 16. Nd2 Nf4 17. Ngf1 Nxg2+ 18. Ke2 Nf4+ 19. Ke3 Nd3 20. b3 Rhf8 21. f3 Nc5 22. Rg1 Rd3+ 23. Ke2 Rxc3 24. Rxg7 Nd4+ 25. Kd1 Nxf3 26. Nxf3 Rcxf3 27. Ng3 Rf2 28. Rc1 Rd8+ 29. Ke1 Nd3+ 0-1

[Event "Wloclawek CC Classic 07th"]
[Site "Wloclawek"]
[Date "2013.??.??"]
[Round "3"]
[White "Wieckowska, Oliwia"]
[Black "Dabrowski, Tadeusz"]
[Result "0-1"]
[WhiteElo "1400"]
[BlackElo "1600"]
[PlyCount "52"]
[EventDate "2013.04.??"]
[EventType "swiss"]
[EventRounds "7"]
[EventCountry "POL"]
[SourceTitle "EXT 2021"]
[Source "ChessBase"]
[SourceDate "2020.10.23"]
[SourceVersion "1"]
[SourceVersionDate "2020.10.23"]
[SourceQuality "1"]

1. e4 c5 2. Nf3 e6 3. d4 cxd4 4. Nxd4 Nf6 5. Nc3 Qb6 6. Be3 Ng4 7. Qd2 Nxe3 8. Qxe3 Nc6 9. Be2 Qxd4 10. Qxd4 Nxd4 11. 0-0 Nxc2 12. Rac1 Nd4 13. Rcd1 Nxe2+ 14. Nxe2 b6 15. f4 Ba6 16. Rd2 Rc8 17. f5 Bb4 18. fxe6 Bxd2 19. exf7+ Ke7 20. Rd1 Be3+ 21. Kf1 Rc1 22. Rxc1 Bxc1 23. Ke1 Bxe2 24. Kxe2 Rf8 25. Kd1 Bxb2 26. Kc2 Be5 0-1

[Event "Wloclawek-ch"]
[Site "Wloclawek"]
[Date "2012.??.??"]
[Round "5"]
[White "Dabrowski, Tadeusz"]
[Black "Bedzinski, Marian"]
[Result "0-1"]
[WhiteElo "1600"]
[BlackElo "1600"]
[PlyCount "94"]
[EventDate "2012.09.??"]
[EventType "swiss"]
[EventRounds "9"]
[EventCountry "POL"]
[SourceTitle "EXT 2021"]
[Source "ChessBase"]
[SourceDate "2020.10.23"]
[SourceVersion "1"]
[SourceVersionDate "2020.10.23"]
[SourceQuality "1"]

1. d3 e5 2. c4 d5 3. Nf3 Nc6 4. cxd5 Qxd5 5. Nc3 Bb4 6. Bd2 Qd8 7. Qa4 Bd6 8. g3 Nf6 9. Bg2 0-0 10. Ng5 Bd7 11. 0-0 a6 12. Nge4 Nxe4 13. Nxe4 Nd4 14. Qd1 Bc6 15. e3 Ne6 16. Rc1 Bxe4 17. Bxe4 c6 18. f4 exf4 19. exf4 Nc5 20. Bc3 f5 21. Bg2 Nxd3 22. Rc2 Bc5+ 23. Kh1 Nb4 24. Bxb4 Bxb4 25. a3 Ba5 26. b4 Bb6 27. Rd2 Qf6 28. Qb3+ Qf7 29. Qc2 Rad8 30. Re2 Rfe8 31. Rfe1 Rxe2 32. Rxe2 Re8 33. Bf3 g6 34. Kg2 Rxe2+ 35. Bxe2 Qd5+ 36. Kh3 Kg7 37. Bc4 Qd4 38. Qe2 Qe4 39. Qd2 Qxc4 40. Qd7+ Qf7 41. Qd2 h5 42. Qc3+ Kh7 43. Qd3 Qd5 44. Qe2 Qe4 45. Qd2 Bd4 46. Qa2 b5 47. Qf7+ Bg7 0-1

[Event "Wloclawek-ch"]
[Site "Wloclawek"]
[Date "2012.??.??"]
[Round "7"]
[White "Dabrowski, Tadeusz"]
[Black "Milecki, Robert"]
[Result "0-1"]
[WhiteElo "1600"]
[BlackElo "1800"]
[PlyCount "118"]
[EventDate "2012.09.??"]
[EventType "swiss"]
[EventRounds "9"]
[EventCountry "POL"]
[SourceTitle "EXT 2021"]
[Source "ChessBase"]
[SourceDate "2020.10.23"]
[SourceVersion "1"]
[SourceVersionDate "2020.10.23"]
[SourceQuality "1"]

1. d3 e5 2. Nc3 Nc6 3. Nf3 Nf6 4. Bg5 Be7 5. e4 d6 6. h3 Be6 7. Qd2 h6 8. Be3 Qd7 9. g4 d5 10. exd5 Nxd5 11. Nxd5 Bxd5 12. Be2 0-0-0 13. Rg1 g5 14. a3 Rhf8 15. b4 Bxf3 16. Bxf3 Nd4 17. Be4 Kb8 18. Ra2 f5 19. gxf5 Nxf5 20. c3 Nxe3 21. Qxe3 Rf4 22. Qg3 Qa4 23. Qe3 Rdf8 24. Qc1 Qb3 25. Re2 c5 26. bxc5 Bxc5 27. Rf1 Bxa3 28. Qa1 Rc8 29. Kd2 Bb2 30. Qb1 Bxc3+ 31. Ke3 Bd4+ 32. Kd2 Qxb1 33. Rxb1 b6 34. f3 Rc5 35. Rb3 Rf7 36. Ra3 Rfc7 37. Ra2 b5 38. Rh2 b4 39. Rh1 b3 40. Rb1 b2 41. Raxb2+ Bxb2 42. Rxb2+ Kc8 43. Bf5+ Kd8 44. Rb8+ Ke7 45. Rh8 Kf6 46. Be4 Kg7 47. Rh7+ Kg8 48. Rxh6 Rg7 49. Re6 a5 50. Ra6 Kh8 51. Rh6+ Kg8 52. Ra6 Rgc7 53. Rg6+ Kf7 54. Rxg5 a4 55. Rg1 a3 56. Ra1 Ra5 57. Ke3 Rc3 58. Ra2 Kf6 59. Bd5 Rxd5 0-1

[Event "Wloclawek-ch"]
[Site "Wloclawek"]
[Date "2012.??.??"]
[Round "6"]
[White "Matusiak, Marcin"]
[Black "Dabrowski, Tadeusz"]
[Result "1-0"]
[WhiteElo "1600"]
[BlackElo "1600"]
[PlyCount "77"]
[EventDate "2012.09.??"]
[EventType "swiss"]
[EventRounds "9"]
[EventCountry "POL"]
[SourceTitle "EXT 2021"]
[Source "ChessBase"]
[SourceDate "2020.10.23"]
[SourceVersion "1"]
[SourceVersionDate "2020.10.23"]
[SourceQuality "1"]

1. e4 e6 2. d4 d5 3. Nc3 c5 4. dxc5 Bxc5 5. exd5 Nf6 6. Bb5+ Ke7 7. Bg5 a6 8. Bc4 b5 9. Bb3 Qb6 10. Ne4 Rd8 11. Qf3 exd5 12. Nxc5 Qxc5 13. Rd1 Be6 14. Ne2 Rd6 15. Nc3 Ra7 16. Bxd5 Bxd5 17. Nxd5+ Kf8 18. Be3 Re6 19. 0-0 Rxe3 20. Nxe3 Nbd7 21. Nd5 Ne5 22. Qf5 Ned7 23. b4 Qc6 24. Rfe1 g6 25. Qg5 Kg7 26. Nxf6 Nxf6 27. Qe5 Rd7 28. Rxd7 Qxd7 29. Qe7 Qc6 30. Qc5 Qb7 31. Re7 Qa8 32. c4 Qd8 33. Re1 Qd2 34. Rf1 bxc4 35. Qxc4 Qd6 36. a4 h5 37. h3 g5 38. Qc5 Qd7 39. Qxg5+ 1-0

[Event "Wloclawek CC Classic 01st"]
[Site "Wloclawek"]
[Date "2011.??.??"]
[Round "1"]
[White "Bedzinski, Marian"]
[Black "Dabrowski, Tadeusz"]
[Result "0-1"]
[WhiteElo "1600"]
[BlackElo "1600"]
[PlyCount "84"]
[EventDate "2011.01.??"]
[EventType "tourn"]
[EventRounds "11"]
[EventCountry "POL"]
[SourceTitle "EXT 2021"]
[Source "ChessBase"]
[SourceDate "2020.10.23"]
[SourceVersion "1"]
[SourceVersionDate "2020.10.23"]
[SourceQuality "1"]

1. d4 d5 2. e3 Nf6 3. c4 c6 4. a3 Bf5 5. c5 b6 6. b4 a5 7. Bb2 Bxb1 8. Rxb1 axb4 9. axb4 bxc5 10. bxc5 Ra2 11. Nf3 Ne4 12. Bd3 Qa5+ 13. Nd2 Qb4 14. Bxe4 Rxb2 15. Rxb2 Qxb2 16. Bf3 e5 17. Qb1 Qxb1+ 18. Nxb1 exd4 19. exd4 g6 20. Kd2 Bg7 21. Re1+ Kd7 22. Kd3 Na6 23. Nd2 Nc7 24. Ra1 Ra8 25. Rxa8 Nxa8 26. g4 Nc7 27. h4 Ne6 28. Nb3 h6 29. h5 Ng5 30. Be2 Nh3 31. Ke3 Ng5 32. f4 Ne6 33. f5 gxf5 34. gxf5 Nd8 35. Bg4 Bf6 36. Kf4 Nb7 37. Be2 Nd8 38. Nc1 Bg5+ 39. Kg4 Bxc1 40. f6 Be3 41. Kh4 Bxd4 42. Bg4+ Ke8 0-1

[Event "Wloclawek CC Classic 01st"]
[Site "Wloclawek"]
[Date "2011.??.??"]
[Round "9"]
[White "Dabrowski, Tadeusz"]
[Black "Szarfemberg, Pawel"]
[Result "0-1"]
[WhiteElo "1600"]
[BlackElo "1600"]
[PlyCount "60"]
[EventDate "2011.01.??"]
[EventType "tourn"]
[EventRounds "11"]
[EventCountry "POL"]
[SourceTitle "EXT 2021"]
[Source "ChessBase"]
[SourceDate "2020.10.23"]
[SourceVersion "1"]
[SourceVersionDate "2020.10.23"]
[SourceQuality "1"]

1. d4 d5 2. Nf3 Bf5 3. e3 e6 4. Bd3 Bg6 5. Bxg6 hxg6 6. Nbd2 c5 7. c4 Nc6 8. dxc5 dxc4 9. Qa4 Qa5 10. Qxc4 Qxc5 11. Qxc5 Bxc5 12. Nb3 Bb4+ 13. Bd2 Bxd2+ 14. Nbxd2 0-0-0 15. 0-0-0 Nge7 16. Ng5 Ne5 17. Rdf1 Rhf8 18. Kb1 Rxd2 19. Rc1+ N7c6 20. f4 Rxg2 21. b4 Kd7 22. Rhd1+ Ke7 23. b5 Nb8 24. Rc7+ Ned7 25. Rxb7 Rxh2 26. Rxa7 Re2 27. Ne4 Rxe3 28. Nc5 Rd8 29. Rc7 Rc3 30. Kb2 Rxc5 0-1